Language Quiz

Random Language or French Quiz

Year 9 Speaking Questions Quiz Stats

Quiz not verified by Sporcle

Challenge
Share
Tweet
Embed
Score 0/9 Timer 05:00
0 Plays Today
Question Answer % Correct
quel âge as-tu?j'ai
100%
Tu as des frères ou des soeurs?j'ai
100%
comment t'appelles tu?je m'appelle
75%
comment ça s'écrit?ça s'écrit
75%
Où est-ce que tu habites?j'habite
75%
Qu'est-ce que tu aimes faire le weekendj'aime
75%
Qu'est-ce que tu practiques comme sports?je practique
75%
c'est quand ton anniversaire?mon anniversaire est
50%
Quelles langues parles tu?je parle
50%

You're not logged in!

Compare scores with friends on all Sporcle quizzes.
Sign Up with Email
OR
Log In

You Might Also Like...

Show Comments

Extras

Top Quizzes Today


Score Distribution

Your Account Isn't Verified!

In order to create a playlist on Sporcle, you need to verify the email address you used during registration. Go to your Sporcle Settings to finish the process.

Report this User

Report this user for behavior that violates our Community Guidelines.

Details: